| 000 | 00405nam a22001577a 4500 | ||
|---|---|---|---|
| 020 | _a0 19 289070 0 | ||
| 082 | _a330.941COL | ||
| 100 | _aCOLEMAN, D.C. | ||
| 245 | _aTHE ECONOMY OF ENGLAND 1450-1750 | ||
| 260 |
_aLONDON _bOXFORD _c1977 |
||
| 300 |
_aVIII,223P _b25CM |
||
| 500 | _aINCLUDE BIBLIOGRAPHY AND INDEX | ||
| 650 | _aTHE ECONOMY OF ENGLAND 1450-1750 | ||
| 700 | _aCOLEMAN, D.C. | ||
| 942 | _cBK | ||
| 999 |
_c14718 _d14718 |
||